[Event "TUR-chT 2nd League"]
[Site "Konya"]
[Date "2018.07.21"]
[Round "8.13"]
[White "Cihangir, Hulusi"]
[Black "Sabahi, Ali Can"]
[Result "1-0"]
[WhiteElo "1921"]
[BlackElo "1921"]
[PlyCount "77"]
[EventDate "2018.07.16"]
[EventType "team-swiss"]
[EventRounds "9"]
[EventCountry "TUR"]
[SourceTitle "EXT 2019"]
[Source "ChessBase"]
[SourceDate "2018.10.10"]
[SourceVersion "1"]
[SourceVersionDate "2018.10.10"]
[SourceQuality "1"]
[WhiteTeam "Hayat Genclik"]
[BlackTeam "Gulbahcesi Egitim"]
[WhiteTeamCountry "TUR"]
[BlackTeamCountry "TUR"]

1. f4 c5 2. Nf3 Nc6 3. e3 g6 4. Bb5 Bg7 5. 0-0 d6 6. d3 Bd7 7. c3 Nf6 8. e4 0-0 9. Na3 a6 10. Bxc6 Bxc6 11. Qe2 b5 12. Nc2 Qb6 13. e5 Nd5 14. c4 Nc7 15. Rb1 d5 16. b4 bxc4 17. dxc4 dxc4 18. Be3 Nd5 19. Bxc5 Qb7 20. Qd2 Rfd8 21. Nfd4 Bb5 22. Rf3 Bh6 23. Qf2 Rac8 24. Qh4 Bg7 25. Re1 Ba4 26. f5 f6 27. fxg6 hxg6 28. Rh3 fxe5 29. Qh7+ Kf7 30. Rf3+ Nf6 31. Ne6 Kxe6 32. Qxg7 Qd7 33. Rfe3 e4 34. Rxe4+ Nxe4 35. Rxe4+ Kd5 36. Re5+ Kc6 37. Nd4+ Qxd4+ 38. Bxd4 Rxd4 39. Rc5+ 1-0

[Event "TUR-chT 2nd League"]
[Site "Konya"]
[Date "2018.07.17"]
[Round "2.9"]
[White "Cihangir, Hulusi"]
[Black "Bekiragaoglu, Umut"]
[Result "1-0"]
[WhiteElo "1921"]
[BlackElo "1807"]
[PlyCount "143"]
[EventDate "2018.07.16"]
[EventType "team-swiss"]
[EventRounds "9"]
[EventCountry "TUR"]
[SourceTitle "EXT 2019"]
[Source "ChessBase"]
[SourceDate "2018.10.10"]
[SourceVersion "1"]
[SourceVersionDate "2018.10.10"]
[SourceQuality "1"]
[WhiteTeam "Hayat Genclik"]
[BlackTeam "Calli Spor"]
[WhiteTeamCountry "TUR"]
[BlackTeamCountry "TUR"]

1. f4 Nf6 2. Nf3 d5 3. e3 Bg4 4. Be2 e6 5. b3 Bxf3 6. Bxf3 Nbd7 7. Bb2 Bd6 8. c4 c6 9. Nc3 0-0 10. d4 Qe7 11. c5 Bc7 12. h4 b6 13. b4 Ne8 14. Qa4 b5 15. Qa6 Nb8 16. Qb7 Nf6 17. Qxa8 Bxf4 18. exf4 Qc7 19. g3 Nbd7 20. Qxf8+ Nxf8 21. Kf2 a5 22. a3 a4 23. Rae1 h5 24. Re5 Ng6 25. Rhe1 Nxe5 26. fxe5 Ng4+ 27. Kg2 g6 28. Bc1 Kg7 29. Bxg4 hxg4 30. Bg5 Qc8 31. Bf6+ Kf8 32. Rf1 Ke8 33. Rf4 Kd7 34. Rxg4 Qg8 35. Rg5 Qh7 36. Ne2 Kc7 37. Kh3 Kb7 38. Nf4 Ka6 39. g4 Qh6 40. h5 gxh5 41. gxh5 Qh7 42. Rg2 Qe4 43. Kg4 Qh7 44. Rh2 Qg8+ 45. Kf3 Qg1 46. Rh3 Qf1+ 47. Kg4 Qg1+ 48. Rg3 Qd1+ 49. Kg5 Qc2 50. Kh6 Qf2 51. Rg4 Qf3 52. Kg5 Qe4 53. Nxe6 Qh7 54. Nf4 Qg8+ 55. Kh4 Qh7 56. Bg7 Qc2 57. h6 Qh2+ 58. Nh3 Qc2 59. e6 fxe6 60. Nf4 e5 61. Bxe5 Qf5 62. Rg6 Qd7 63. Ne6 Qe7+ 64. Ng5 Qe8 65. Re6 Qf8 66. Rxc6+ Kb7 67. Rf6 Qe8 68. h7 Ka7 69. Rf7+ Ka6 70. Rf6+ Ka7 71. Rf5 Ka6 72. h8Q 1-0